000 00760nam a22002057a 4500
005 20180111122516.0
010 _a1718EN-30 ENG-121651
020 _a9788126557189
_c515.00
035 _aEN-105183
035 _aB-681532-545
037 _bABC
_adpl
037 _bDBAD/PUB
082 _a590
245 _aTextbook of zoology for NEET :
_band other medical entrance examinations /
260 _aNew Delhi
_bWiley India
_c2017
270 _a4435-36/7, Ansari Road, Daryaganj,
_bNew Delhi
_e110002
300 v _axxx,966p.
_c28cm(pbk)
942 _2ddc
_cEN
_mTEX
_h590
999 _c145466
_d145466